00422nam a2200193Ia 4500003000900000008004100009040001300050040001300063041000800076100002300084245003600107250001000143260001200153260000900165300001100174300001100185490002400196490000800220IT-RoPAU120407s9999 xx 000 0 und d aIT-RoPAU cIT-RoPAU aita aGiorgio Del Guerra aIl fumo. Aspetti medico sociali aRoma  aStudium c1965 a117 p. c17 cm a Universale Studium v100